1561 1399 1052 1063 1725 1353 1434 1262 1181 1686 1155 1943 1519 1361 1523 1975 1421 1556 1998 1716 1119 1911 1966 1315 1706 1525 1320 1254 1957 1366 1084 1563 1714 1980 1738 1433 1764 1410 1516 1876 1727 1082 1869 1885 1953 1304 1592 1543 1986 1017 1216 1580 1795 1709 1716 1533 1985 1489 1953 1678 1626 1942 1849 1523 1006 1557 1992 1203 1127 1096 1496 1286 1244 1333 1149 1101 1994 1993 1528 1676 1055 1758 1370 1832 1872 1341 1557 1849 1402 1998 1193 1327 1142 1027 1834 1204 1937 1937 1922 BCNSPRNW ULIB Ver.6.0+V

เปลี่ยนเป็นภาษาไทย

Change to English
 แสดงรายละเอียดบรรณานุกรม
  กลับหน้าหลัก

Brief Record : Get Marc (ISO 2709) : E-mail record : QR code < ปิดหน้าต่าง
LEADER : 00000nam 2200000uu 4500
001    13399112765
003     ULIB
008    110908s2551||||th 000 0 tha d
020    9789741329526
050  4 LB1050^bอ911พ 2551
100 0  เอมอร เนียมน้อย
245 10 พัฒนาการอ่านอย่างมีวิจารณญาณด้วยวิธี SQ3R /^cเอมอร เนียมน้อย
250    พิมพ์ครั้งที่ 1
260    กรุงเทพฯ :^bคณะมนุษยศาสตร์และสังคมศาสตร์มหาวิทยาลัยราชภัฏกำแพงเพชร,^c2551
300    150 หน้า ;^c26 ซม.
650  4 การอ่าน^xแบบฝึกหัด
650  4 การอ่าน^xคำถามและคำตอบ
650  4 การส่งเสริมการอ่าน
650  4 ความเข้าใจในการอ่าน
650  4 ความคิดอย่างมีวิจารณญาณ
650  4 หนังสือและการอ่าน
710 2  มหาวิทยาลัยราชภัฏกำแพงเพชร.^bคณะมนุษยศาสตร์และสังคมศาสตร์
945    ^p200^l0^i023944
945    ^p200^l0^i023945
945    ^p200^l0^i027455
995    ทศพร
999 ^a ทศพร
รายการนี้ยังไม่มีแท็ก
คุณยังไม่ได้ล็อกอิน คุณสามารถมีกิจกรรมร่วมกับเว็บไซต์ได้ แต่ต้องล็อกอินก่อน ::
  ล็อกอิน

รายการสื่อสารสนเทศ

ลำดับที่ ประเภท เลขเรียก/บาร์โค้ด สถานที่ สถานะ
- ไม่พบข้อมูล -

รายการใกล้เคียง
    ผู้แต่ง [เอมอร เนียมน้อย]

    หัวเรื่อง [การส่งเสริมการอ่าน]
    หัวเรื่อง [ความเข้าใจในการอ่าน]
    หัวเรื่อง [ความคิดอย่างมีวิจารณญาณ]
    หัวเรื่อง [หนังสือและการอ่าน]

BibComment


ยังไม่เคยถูกคอมเมนท์

คอมเมนท์ทรัพยากรรายการนี้
  คอมเมนท์: พัฒนาการอ่านอย่าง..


 Copyright 2026. Bcnsprnw @Library